000 01657nam a2200361 a 4500
001 vtls003205114
003 MY-SjTCS
005 20200306163912.0
006 m u
007 cr cn|||||||||
008 100712s200u flug s 000 0deng d
035 _a(CaPaEBR)ebr10188408
039 9 _y201007121823
_zVLOAD
040 _aCaPaEBR
_cCaPaEBR
050 1 4 _aMT100.B45
_bF57 200ueb
100 1 _aFisher, Burton D.
_9241782
245 1 3 _aLa Sonnambula
_h[electronic resource] =
_bThe sleepwalker : opera in Italian in two acts /
_cmusic by Vincenzo Bellini ; libretto by Felice Romani ; adapted from the Opera Journeys lecture series by Burton D. Fisher.
246 3 1 _aSleepwalker
260 _a[Boca Raton, Fla.] :
_bOpera Journeys,
_c[200-?]
300 _a21 p. :
_bmusic.
490 0 _aOpera Journeys mini guide series
529 _aTSLHHL
533 _aElectronic reproduction.
_bPalo Alto, Calif. :
_cebrary,
_d2009.
_nAvailable via World Wide Web.
_nAccess may be limited to ebrary affiliated libraries.
600 1 0 _aBellini, Vincenzo,
_d1801-1835.
_tSonnambula.
_9241783
600 1 0 _aBellini, Vincenzo,
_d1801-1835
_xCriticism and interpretation.
_9241784
650 0 _aOperas
_vStories, plots, etc.
_9241785
655 7 _aElectronic books.
_2local
_9201578
700 1 _aBellini, Vincenzo,
_d1801-1835.
_9241786
700 1 _aRomani, Felice,
_d1788-1865.
_9241787
710 2 _aebrary, Inc.
_925628
730 0 _aOpera Journeys lecture series.
_9241788
856 4 0 _uhttps://ezproxy.taylors.edu.my/login?url=http://site.ebrary.com/lib/taylorscollege/Doc?id=10188408
_zAn electronic book accessible through the World Wide Web; click to view
999 _c46337